Pokémon - Attacken von Meganie in KA/PU - Statistiken

Allgemein
  • Dieses Quiz wurde 2 mal gespielt
  • Das Durchschnittsergebnis liegt bei 26 aus 62
Antwortstatistiken
Antwort % Korrekt
Blättersturm
100%
Blättertanz
100%
Bodyslam
100%
Egelsamen
100%
Giftpuder
100%
Heuler
100%
Lichtschild
100%
Rankenhieb
100%
Rasierblatt
100%
Reflektor
100%
Risikotackle
100%
Sonnentag
100%
Synthese
100%
Tackle
100%
Ausdauer
50%
Bodycheck
50%
Charme
50%
Dampfwalze
50%
Delegator
50%
Drachenrute
50%
Erdbeben
50%
Erholung
50%
Fassade
50%
Flora-Statue
50%
Fluch
50%
Gigasauger
50%
Gigastoß
50%
Grasfeld
50%
Grasrutsche
50%
Hyperstrahl
50%
Kugelsaat
50%
Pflanzensäulen
50%
Samenbomben
50%
Schlafrede
50%
Schutzschild
50%
Solarstrahl
50%
Strauchler
50%
Zauberblatt
50%
Abschlag
0%
Antik-Kraft
0%
Blütenwirbel
0%
Bodyguard
0%
Body Press
0%
Dreschflegel
0%
Energieball
0%
Fruststampfer
0%
Heilwoge
0%
Konter
0%
Lehmschelle
0%
Lockduft
0%
Meteorologe
0%
Notsituation
0%
Rechte Hand
0%
Schwerttanz
0%
Solarklinge
0%
Tera-Ausbruch
0%
Trugträne
0%
Verwurzler
0%
Wegbereiter
0%
Wutanfall
0%
Zen-Kopfstoß
0%
Zugabe
0%
Keine übereinstimmenden Quizze gefunden
Verteilung der Resultate
Anzahl Personen mit jedem Resultat
Perzentil nach korrekt beantworteten Fragen
Ihre Resultats-Entwicklung
Sie haben dieses Quiz noch nicht gespielt